01008cam a22002771 45000010008000000030009000080050017000170080041000340100017000750350019000920400028001110420012001390430012001510450009001630500022001720820013001941000024002072450196002312600037004273000025004645000031004895020096005205040032006166500035006486510047006837389813BDDh-ASL20231015025719.0790517s1941 ii b 001 0 eng  a 42051239  a(OCoLC)4975867 aDLCcMnUdBDDh-ASLdDLC apremarc aa-ii--- aw6x100aJQ220.P7bP7 1941 a954bPRO1 aPrasad, Bisheshwar.14aThe origins of provincial autonomy :bbeing a history of the relations between the central government and the provincial governments in British India from 1860 to 1919/cBy Bisheshwar Prasad. aAllahabad,bKitabistan, c1941.  aii, 428 p. :c23 cm. a"First published in 1941." a"Thesis approved for the degree of doctor of letters in the University of Allahabad, 1936." aBibliography: p. [377]-392. 0aConstitutional historyzIndia. 0aIndiaxPolitics and governmenty1765-1947.